| 000 | 00945nam a2200301Ia 4500 | ||
|---|---|---|---|
| 001 | Para_107 | ||
| 003 | CHAP | ||
| 008 | 220125s1990 xx 000 0 und d | ||
| 010 | _a198831 | ||
| 040 | _cCHAP | ||
| 090 | _aPA FOLLETO 3074 | ||
| 100 |
_aCamarillo Pulido, Mario _917758 |
||
| 245 |
_aGuía para producir girasol en el Valle de Mexicali / _c por Mario Camarillo Pulido y Francisco Lopez Lugo |
||
| 260 |
_aMexicali, B.C. : _b INIFAP. Campo Experimental Valle de Méxicali |
||
| 300 | _a12 p. | ||
| 410 | _aFolleto para productores; 23 | ||
| 650 |
_aGirasol _xCalifornia _9164139 |
||
| 700 | _a | ||
| 700 |
_aI. Lopez Lugo, Francisco _9164140 |
||
| 710 |
_aII. INIFAP. México. Campo Experimental Valle de Méxicali _9164137 |
||
| 901 | _aPA FOLLETO 3074 | ||
| 902 | _aA | ||
| 905 | _a0000001990 0000000000 00 | ||
| 910 | _a1990 | ||
| 942 | _cPARA | ||
| 942 |
_cPARA _d1 |
||
| 999 |
_c198831 _d198831 |
||